| 000 | 00449nam a2200181Ia 4500 | ||
|---|---|---|---|
| 008 | 230725s2002 xx 000 0 und d | ||
| 041 | _aeng | ||
| 082 |
_a620.8 _bBOU/BUI |
||
| 100 | _aBOURAIZE , BUISER | ||
| 245 | _aBIOTECHNOLOGY DEMYSTITYING THE CONCEPTS | ||
| 260 |
_bC.B.S.PUBLISHER&DISTRUTERS _c2002 |
||
| 300 | _a416 | ||
| 365 | _h20 | ||
| 500 | _aTEXT BOOK | ||
| 501 | _aPBT | ||
| 520 | _aHB | ||
| 650 | _aPHARMACEUTICAL BIOTECHNOLOGY | ||
| 999 |
_c768184 _d768184 |
||